000 02813nam a2200397Ia 4500
008 130821s2008 ck gr spa
020 _a9789587161786
040 _aCo-BoUCM
_bspa
041 0 0 _aspa
245 1 0 _aVecindario agitado Colombia y Venezuela
_bentre la hermandad y la conflictividad
_cMario Andrés Arroyave Quintero...[et al.] ; editores Eduardo Fidel Pastrana Buelvas, Carsten Wieland y Juan Carlos Vargas Restrepo
260 _aBogotá (Colombia)
_bPontificia Universidad Javeriana Fundación Konrad Adenauer Universidad del Rosario : Universidad Santiago de Cali : Universidad Tecnológica de Bolívar
_c2008
300 _a270 páginas
504 _aIncluye bibliografía
505 _aColombia y Venezuela en tres momentos : del panamericanismo al latinoamericanismo
_rArmando Holguín Sarria y Marco Antonio Macana. --
_tColombia-Venezuela : la hiperinflación del ejecutivo
_rJavier Sanín Fonnegra, S.J. --
_tLas relaciones civiles militares en Colombia y Venezuela : un reto para la democracia
_rOlga Lucía Illera Correal. --
_tColombia-Venezuela : dos maneras de comprender la seguridad
_rOlga Lucía Illera Correal y Juan Carlos Ruiz Vásquez. --
_tDiferencias ideológicas y aumento del narcotráfico : la posición ambivalente de Venezuela
_rDiego Fernando Tarapués Sandino. --
_tInterdependencia comercial entre Colombia y Venezuela : tensiones y transformaciones con Uribe-Chávez
_rMario Andrés Arroyave Quintero. --
_tEl liderazgo populista de Chávez, su discurso y las relaciones colombo-venezolanas
_rMartha Lucía Márquez Restrepo. --
_t¿ Irreversibilidad de la degradación de las relaciones político-diplomáticas?
_rEduardo Fidel Pastrana Buelvas y Diego Felipe Vera Piñeros.
650 0 4 _aDiplomacia
_913310
650 0 4 _aRelaciones internacionales
_98042
651 7 _aColombia
_bRelaciones internacionales
_zVenezuela
_926606
651 7 _aColombia
_xPolítica y gobierno
_zVenezuela
_926606
651 7 _aVenezuela
_bRelaciones internacionales
_zColombia
_926721
651 7 _aVenezuela
_xPolítica y gobierno
_zColombia
_926721
700 1 _aArroyave Quintero, Mario Andrés
700 1 _aHolguín Sarria, Armando
700 1 _aIllera Correal, Olga Lucía
700 1 _aMacana, Marco Antonio
700 1 _aMárquez Restrepo, Martha Lucía
700 1 _aPastrana Buelvas, Eduardo Fidel
_eed.
700 1 _aRuíz Vásquez, Juan Carlos
700 1 _aSanín Fonnegra, Javier
700 1 _aTarapués Sandino, Diego Fernando
700 1 _aVargas Restrepo, Juan Carlos
_eed.
700 1 _aVera Piñeros, Diego Felipe
700 1 _aWieland, Carsten
_eed.
710 1 _aPontificia Universidad Javeriana. Facultad de Ciencias Políticas y Relaciones Internacionales
942 _cLIBROUR
_2DEWEY
_a6
_e1
_h327.861087
_mV411v
999 _c60337
_d60337